000 00485nam a2200169Ia 4500
008 090711s9999 xx 000 0 und d
082 _b66195
100 _aिSारमुले शरSSांद्र वा.
245 _aपूल
260 _c1990
300 _a199
600 _aिSारमुले शरSSांद्र वा.
630 _aपूल
700 _aिSारमुले शरSSांद्र वा.
730 _aपूल
942 _cBOOK
999 _c310760
_d310760